000 00640nam a2200217Ia 4500
005 20241129120116.0
008 241129s9999||||xx |||||||||||||| ||und||
020 _a9780000988584
037 _aTB
040 _aSDCL
_beng
_cSDCL
041 _aeng
_2eng
084 _aD651:911, R0
_qSDCL
100 _aYu Jianjun; Li Xinying; Zhang Junwen
_9729160
245 0 _aDigital Signal Processing for high - speed optical communication
260 _aNew Jersey
_bWorld Scientific
_c2020
300 _axi,263p.
365 _aINR
_b995
650 _aElectronic Science
942 _cTB
_hD651:911, R0
999 _c1233380
_d1233380